01371nam a2200313 a 4500001001200000003000800012006001900020007001500039008004100054020001800095020002700113040002100140035002100161050002400182082001500206245015100221250001200372260003600384300006000420504005100480533015200531588009700683650004300780650003500823655002900858700002700887710001700914856012600931ebr10674773CaPaEBRm o u cr cn|||||||||150303s2013 njuao sbi 001 0 eng d z9780470505526 z9781118633885 (e-book) aCaPaEBRcCaPaEBR a(OCoLC)84288287614aTH4652b.G85 2013eb04a727/.522300aGuidelines for laboratory designh[electronic resource] :bhealth, safety, and environmental considerations /cLouis J. DiBerardinis ... [et al.]. a4th ed. aHoboken, N.J. :bWiley,cc2013. a1 online resource (xxxiv, 515 p.) :bill., photographs. aIncludes bibliographical references and index. aElectronic reproduction.bPalo Alto, Calif. :cebrary,d2015.nAvailable via World Wide Web.nAccess may be limited to ebrary affiliated libraries. aDescription based on online resource; title from title page (ebrary, viewed April 12, 2013). 0aLaboratoriesxDesign and construction. 0aLaboratoriesxSafety measures. 7aElectronic books.2local1 aDiBerardinis, Louis J.2 aebrary, Inc.40uhttp://site.ebrary.com/lib/rucke/Doc?id=10674773zAn electronic book accessible through the World Wide Web; click to view